| 000 | 00000nam 2200000zi 4500 |
| 001 | 9.929953 |
| 003 | CaOODSP |
| 005 | 20240403114819 |
| 006 | m o d f |
| 007 | cr cn||||||||| |
| 008 | 231103e201611##onca o f|0| 0 fre d |
| 040 | |aCaOODSP|bfre|erda|cCaOODSP |
| 043 | |an-cn--- |
| 086 | 1 |aIu134-44/2016F-PDF |
| 245 | 04|aLes problèmes et les besoins des entrepreneurs : |bfaits saillants. |
| 264 | 1|a[Ottawa] : |bBDC, |cnovembre 2016. |
| 300 | |a1 ressource en ligne (4 pages) : |billustrations |
| 336 | |atexte|btxt|2rdacontent/fre |
| 337 | |ainformatique|bc|2rdamedia/fre |
| 338 | |aressource en ligne|bcr|2rdacarrier/fre |
| 500 | |aTitre de la couverture. |
| 500 | |aPublié aussi en anglais sous le titre : Entrepreneurs’ challenges and needs : survey highlights. |
| 650 | 6|aPetites et moyennes entreprises|zCanada|xFinances|xOpinion publique. |
| 650 | 6|aEntreprises|zCanada|xFinances|xOpinion publique. |
| 650 | 6|aGens d'affaires|zCanada|xAttitudes. |
| 650 | 6|aOpinion publique|zCanada. |
| 710 | 2 |aBanque de développement du Canada, |eorganisme de publication. |
| 775 | 08|tEntrepreneurs' challenges and needs : |w(CaOODSP)9.929952 |
| 856 | 40|qPDF|s1.05 Mo|uhttps://publications.gc.ca/collections/collection_2024/bdc/Iu134-44-2016-fra.pdf |